[Event "Dvorkovich Memorial rapid op"]
[Site "Taganrog"]
[Date "2018.01.13"]
[Round "1"]
[White "Vastrukhin, Oleg"]
[Black "Dragunov, Artem"]
[Result "1-0"]
[WhiteElo "2398"]
[BlackElo "1962"]
[PlyCount "88"]
[EventDate "2018.01.13"]
[EventType "swiss (rapid)"]
[EventRounds "11"]
[EventCountry "RUS"]
[SourceTitle "CBM 182 Extra"]
[Source "ChessBase"]
[SourceDate "2018.02.23"]
[SourceVersion "1"]
[SourceVersionDate "2018.02.23"]
[SourceQuality "1"]

1. Nf3 g6 2. d4 Bg7 3. e4 d6 4. Nc3 Nf6 5. Bg5 h6 6. Be3 Nc6 7. h3 a6 8. a4 0-0 9. Qd2 Kh7 10. g4 d5 11. Bd3 Nb4 12. g5 Nxd3+ 13. cxd3 Ng8 14. Nxd5 h5 15. a5 Bd7 16. Ne5 Be6 17. Nf4 Bc8 18. Rc1 e6 19. h4 Ne7 20. Qc3 Bxe5 21. dxe5 Nc6 22. d4 Qe8 23. f3 Bd7 24. Kf2 Rc8 25. Rhe1 Na7 26. Qb4 Bb5 27. d5 Ra8 28. Rxc7 exd5 29. Bxa7 Qxe5 30. Nxd5 Qh2+ 31. Ke3 Qxh4 32. Rg1 Qh2 33. Re1 Qg3 34. Bd4 Qxg5+ 35. Kf2 Qh4+ 36. Kg2 Qg5+ 37. Kh3 Rac8 38. Rg1 Bf1+ 39. Rxf1 Rxc7 40. Nxc7 Rd8 41. Nd5 Rxd5 42. exd5 h4 43. Bf2 Qf5+ 44. Qg4 Qxg4+ 1-0